[Event "GRE-chT 45th"]
[Site "Achaia"]
[Date "2017.07.05"]
[Round "4.6"]
[White "Loutragotis, Dimitrios"]
[Black "Nasos, Konstantinos"]
[Result "1-0"]
[WhiteElo "2241"]
[BlackElo "1573"]
[PlyCount "67"]
[EventDate "2017.07.03"]
[EventType "team-swiss"]
[EventRounds "7"]
[EventCountry "GRE"]
[SourceTitle "CBM 179 Extra"]
[Source "ChessBase"]
[SourceDate "2017.08.23"]
[SourceVersion "1"]
[SourceVersionDate "2017.08.23"]
[SourceQuality "1"]
[WhiteTeam "Glyfadas Zenon"]
[BlackTeam "Alexandroupolis Ethnikos"]
[WhiteTeamCountry "GRE"]
[BlackTeamCountry "GRE"]

1. e4 e6 2. d4 d5 3. Nc3 Nf6 4. Bg5 Bb4 5. e5 h6 6. Bc1 Ne4 7. Qg4 g6 8. Nge2 c5 9. a3 Nxc3 10. axb4 Nxe2 11. Bxe2 cxb4 12. Bd3 Qe7 13. h4 Nc6 14. h5 g5 15. f4 gxf4 16. Qg7 Qf8 17. Qf6 Kd7 18. 0-0 Kc7 19. Rxf4 Bd7 20. c3 Be8 21. Bg6 Nd8 22. cxb4 a6 23. Bd2 Rc8 24. b5 Rg8 25. Ba5+ b6 26. Rc1+ Kb8 27. Rxc8+ Kxc8 28. Bxb6 Bxb5 29. Bxd8 Qxd8 30. Bxf7 Qxf6 31. Rxf6 Rg5 32. Rg6 Kd8 33. Rxg5 hxg5 34. h6 1-0

[Event "GRE-chT 44th"]
[Site "Achaia"]
[Date "2016.07.08"]
[Round "5.9"]
[White "Loutragotis, Dimitrios"]
[Black "Nasos, Konstantinos"]
[Result "1-0"]
[WhiteElo "2013"]
[BlackElo "1392"]
[PlyCount "85"]
[EventDate "2016.07.05"]
[EventType "team-swiss"]
[EventRounds "7"]
[EventCountry "GRE"]
[SourceTitle "CBM 173 Extra"]
[Source "ChessBase"]
[SourceDate "2016.08.29"]
[SourceVersion "1"]
[SourceVersionDate "2016.08.29"]
[SourceQuality "1"]
[WhiteTeam "Glyfadas Zenon"]
[BlackTeam "Alexandroupolis Ethnikos"]
[WhiteTeamCountry "GRE"]
[BlackTeamCountry "GRE"]

1. e4 c5 2. Nf3 e6 3. d4 cxd4 4. Nxd4 Nc6 5. Nc3 Qc7 6. Be2 a6 7. 0-0 Nf6 8. Kh1 Nxd4 9. Qxd4 Bc5 10. Qd3 b5 11. a3 Bb7 12. f4 d5 13. e5 Nd7 14. Bf3 Rc8 15. Bd2 h5 16. Rae1 Be7 17. Bd1 g6 18. Qh3 Qc4 19. Be2 Qc6 20. Bf3 Nb6 21. Be3 Nc4 22. Bc1 Qd7 23. Nd1 a5 24. Nf2 b4 25. axb4 axb4 26. g4 Qc6 27. gxh5 Kd7 28. h6 Rh7 29. Rd1 Kc7 30. Rfe1 Rch8 31. Ng4 Kb8 32. Qg3 Nb6 33. Re2 Nd7 34. h4 Bf8 35. Rh2 Qc7 36. h5 gxh5 37. Rxh5 Bxh6 38. Qh2 Bxf4 39. Rxh7 Bxh2 40. Rxh8+ Ka7 41. Be3+ Ka6 42. Be2+ Ka5 43. Ra1# 1-0

[Event "GRE-ch U16"]
[Site "Porto Rio"]
[Date "2016.07.03"]
[Round "8"]
[White "Beliotis, Georgios"]
[Black "Nasos, Konstantinos"]
[Result "1-0"]
[WhiteElo "1874"]
[BlackElo "1346"]
[PlyCount "58"]
[EventDate "2016.06.28"]
[EventType "swiss"]
[EventRounds "9"]
[EventCountry "GRE"]
[SourceTitle "CBM 173 Extra"]
[Source "ChessBase"]
[SourceDate "2016.08.29"]
[SourceVersion "1"]
[SourceVersionDate "2016.08.29"]
[SourceQuality "1"]

1. e4 c5 2. Nf3 e6 3. d4 cxd4 4. Nxd4 Nc6 5. Nc3 Qc7 6. f4 a6 7. Nxc6 bxc6 8. Bd3 Nf6 9. 0-0 d5 10. Kh1 Be7 11. Qf3 Nd7 12. f5 0-0 13. Be3 Bf6 14. fxe6 fxe6 15. exd5 exd5 16. Qh3 g6 17. Bh6 Rf7 18. Rae1 Ne5 19. Qg3 Bb7 20. Rxf6 Rxf6 21. Rxe5 Qf7 22. h3 Re8 23. Rxe8+ Qxe8 24. Kh2 Bc8 25. Ne2 c5 26. Qc7 Rf7 27. Qxc5 Qe5+ 28. Ng3 Bb7 29. c4 d4 1-0

[Event "GRE-ch U16"]
[Site "Porto Rio"]
[Date "2016.06.29"]
[Round "3"]
[White "Nasos, Konstantinos"]
[Black "Vitsaxakis, Nikolaos"]
[Result "0-1"]
[WhiteElo "1346"]
[BlackElo "1841"]
[PlyCount "48"]
[EventDate "2016.06.28"]
[EventType "swiss"]
[EventRounds "9"]
[EventCountry "GRE"]
[SourceTitle "CBM 173 Extra"]
[Source "ChessBase"]
[SourceDate "2016.08.29"]
[SourceVersion "1"]
[SourceVersionDate "2016.08.29"]
[SourceQuality "1"]

1. d4 Nf6 2. c4 e6 3. g3 d5 4. Nf3 Be7 5. Bg2 0-0 6. 0-0 dxc4 7. Qc2 b5 8. Ne5 Qxd4 9. Bxa8 Qxe5 10. Bf4 Qh5 11. Bf3 Ng4 12. h4 e5 13. Bd2 Bxh4 14. gxh4 Qxh4 15. Bxg4 Qxg4+ 16. Kh2 Qh4+ 17. Kg1 Bh3 18. Qc3 Bxf1 19. Qf3 Bh3 20. Nc3 Rd8 21. Ne4 Rd4 22. Bg5 Qxe4 23. Qxh3 Qg4+ 24. Kh2 Qxg5 0-1

[Event "GRE-ch U16"]
[Site "Porto Rio"]
[Date "2016.06.28"]
[Round "1"]
[White "Androutsopoulos Agiotatos, Vasilios"]
[Black "Nasos, Konstantinos"]
[Result "1-0"]
[WhiteElo "1875"]
[BlackElo "1346"]
[PlyCount "45"]
[EventDate "2016.06.28"]
[EventType "swiss"]
[EventRounds "9"]
[EventCountry "GRE"]
[SourceTitle "CBM 173 Extra"]
[Source "ChessBase"]
[SourceDate "2016.08.29"]
[SourceVersion "1"]
[SourceVersionDate "2016.08.29"]
[SourceQuality "1"]

1. e4 c5 2. Nf3 e6 3. d4 cxd4 4. Nxd4 Nc6 5. Nc3 a6 6. Nxc6 bxc6 7. Bd3 Qc7 8. Qe2 Bb4 9. Bd2 Nf6 10. 0-0 e5 11. Kh1 0-0 12. f4 d6 13. a3 Bc5 14. Na4 Nd7 15. f5 Re8 16. Bg5 d5 17. Qf3 Bb7 18. Nxc5 Nxc5 19. Qg3 dxe4 20. Bf6 g6 21. Bc4 Nd7 22. fxg6 hxg6 23. Qxg6+ 1-0